000 00462cam a22001337a 4500
008 180718b1948 xxu||||| |||| 00| 0 eng d
082 _aC0x54072 M291
100 _aMalviya, Madan Mohan
245 _aA criticism of Montagu-Chelmsford proposals of Indian constitutional reform
_cby Madan Mohan Malviya
260 _aAllahabad
_bLeader Press
_c1948
300 _a65p.
650 _aMontagu - Chellmsford Report
650 _aConstitutional History - India- 1909-1918
999 _c372749
_d372749